000 00629nam a2200241 i 4500
001 C2-0271180
003 PPAK
005 20180728001245.0
008 060809s2006 my |||| ||||| | may d
020 _a9838936863
040 _aPPAK
_beng
_cPPAK
_erda
082 0 4 _a899.233
_223
090 0 0 _a899.233
_bSAB
_dG
100 0 _aSabariah Araur,
_eauthor
245 1 0 _aLelaki terakhir
264 1 _aKuala Lumpur :
_bCreative Enterprise ,
_c2006
300 _a723 pages ;
_c21 cm
336 _2rdacontent
_atext
337 _2rdamedia
_aunmediated
338 _2rdacarrier
_avolume
650 1 0 _aMalay fiction
942 _ddc
_cB
999 _c79513
_d79513